Memoria 1973

保存先:
書誌詳細
団体著者: Instituto Nacional de Vivienda y Urbanismo (Costa Rica)
フォーマット: テキスト
出版事項: San José : INVU. Taller de Publicaciones
主題:
タグ: タグ追加
タグなし, このレコードへの初めてのタグを付けませんか!

MARC

LEADER 00000 a a2200000 04500
001 17525
003
040
090 |a 1003 I59m  
110 |a Instituto Nacional de Vivienda y Urbanismo (Costa Rica)  
245 |a Memoria 1973  
260 |a San José :   |b INVU. Taller de Publicaciones  
300 |a 93 p.  
650 |a INFORMES ANUALES  
650 |a URBANISMO  
650 |a VIVIENDAS  
650 |a VIVIENDA POPULAR  
999 |c 8131  |d 8131